المد و الجزر في المحيطات / (رقم التسجيلة. 32403)
[ عرض عادي ]
| 000 -LEADER | |
|---|---|
| fixed length control field | 00546nam a22001817a 4500 |
| 005 - DATE AND TIME OF LATEST TRANSACTION | |
| control field | 20251108165829.0 |
| 008 - FIXED-LENGTH DATA ELEMENTS--GENERAL INFORMATION | |
| fixed length control field | 250721s9999 xx 000 0 ara d |
| 082 14 - DEWEY DECIMAL CLASSIFICATION NUMBER | |
| Classification number | ط/551.47/إبر |
| 100 1# - MAIN ENTRY--PERSONAL NAME | |
| Personal name | الغوري، إبراهيم حلمي |
| 245 10 - TITLE STATEMENT | |
| Title | المد و الجزر في المحيطات / |
| 264 1# - PRODUCTION, PUBLICATION, DISTRIBUTION, MANUFACTURE, AND COPYRIGHT NOTICE | |
| Place of production, publication, distribution, manufacture | حلب : |
| Name of producer, publisher, distributor, manufacturer | دار ربيع للنشر، |
| Date of production, publication, distribution, manufacture, or copyright notice | [19-]. |
| 300 ## - PHYSICAL DESCRIPTION | |
| Extent | 8ص |
| 490 0# - SERIES STATEMENT | |
| Series statement | مجموعة المحيطات و البحار |
| 650 17 - SUBJECT ADDED ENTRY--TOPICAL TERM | |
| Topical term or geographic name as entry element | البحر |
| 650 17 - SUBJECT ADDED ENTRY--TOPICAL TERM | |
| Topical term or geographic name as entry element | المد و الجزر |
| 942 ## - ADDED ENTRY ELEMENTS (KOHA) | |
| Source of classification or shelving scheme | Dewey Decimal Classification |
| Koha item type | كتب |
| حالة السحب | حالة الفقدان | مصدر التصنيف | حالة التلف | غير قابل للإعارة | المكتبة الرئيسية | المكتبة الحالية | موقع الرف | تاريخ التزويد | الرقم المتسلسل | Total Checkouts | رقم الإستدعاء | الباركود | تاريخ آخر ظهور | تاريخ الفاتورة | نوع المادة (كوها) |
|---|---|---|---|---|---|---|---|---|---|---|---|---|---|---|---|
| Dewey Decimal Classification | مكتبة الأميرة سلمى | مكتبة الأميرة سلمى | الأطفال | 28/07/2025 | 567383 | ط/551.47/إبر | 567383 | 28/07/2025 | 28/07/2025 | كتب | |||||
| Dewey Decimal Classification | مكتبة البيادر | مكتبة البيادر | الأطفال | 11/03/2015 | 1593882 | ط/551.47/إبر | PLD00318153 | 28/07/2025 | 11/03/2015 | كتب | |||||
| Dewey Decimal Classification | مكتبة الحسن العامة | مكتبة الحسن العامة | الأطفال | 06/05/2019 | [3611] | ط/551.47/إبر | PLD00452447 | 28/07/2025 | 06/05/2019 | كتب | |||||
| Dewey Decimal Classification | مكتبة صويلح العامة | مكتبة صويلح العامة | الأطفال | 22/07/2019 | 004618 | ط/551.47/إبر | PLD00458561 | 28/07/2025 | 22/07/2019 | كتب | |||||
| Dewey Decimal Classification | مكتبة وادي السير العامة | مكتبة وادي السير العامة | الأطفال | 16/11/2015 | [2190] | ط/551.47/إبر | PLD00364920 | 28/07/2025 | 16/11/2015 | كتب |